000 00490nam a2200181Ia 4500
001 24425
005 20260414151042.0
008 260414t2011||||xx |||||||||||||| ||spa||
041 _aESP
082 _a345.7
_bL36 2011 T. 1
100 _aLedesma Narváez, Marianella
_eAUT
245 0 _aComentarios al código procesal civil :
_banálisis artículo por artículo
260 _c2011
300 _a998 páginas :
_c24 cm.
650 _aDER
654 _aCDE
942 _cLIB
_dJUS
_fJUS
_2ddc
_n
999 _c24425
_d24425